000 00553nam a2200181Ia 4500
008 090123s9999 xx 000 0 und d
082 _b34270
_a923.254/कर्वे
100 _aकर्वे स्वाती
245 _aगंधर्वछाया
250 _a1
260 _bअक्षर छाया
300 _a152
600 _aकर्वे स्वाती
630 _aगंधर्वछाया
700 _aकर्वे स्वाती
730 _aगंधर्वछाया
942 _cBOOK
999 _c72307
_d72307